| 000 | 00718nam a2200205Ia 4500 | ||
|---|---|---|---|
| 001 | 9843 | ||
| 003 | GE_BSU | ||
| 008 | 181216s||||||||xx |||||||||||||| ||und|| | ||
| 040 | _cGE_BSU | ||
| 100 | _aნინოშვილი,ეგნატე | ||
| 245 | _aთხზულებანი ორ ტომად.ტ.1 | ||
| 245 | _cრედ:გიორგი ჯიბლაძე,შალვა რადიანი,რაჟდენ გვეტაძე | ||
| 260 | _aთბილისი | ||
| 260 | _bსაბჭოთა მწერალი | ||
| 260 | _c1950 | ||
| 300 | _a322გვ;22სმ | ||
| 300 | _b1ფ პორტრეტი | ||
| 653 | _aთხზულებანი | ||
| 942 | _cBK | ||
| 999 |
_c43122 _d43122 |
||